| 000 | 01151nam a2200289 i 4500 | ||
|---|---|---|---|
| 001 | 65391 | ||
| 003 | ES-MaACL | ||
| 005 | 20250721131243.0 | ||
| 007 | t| | ||
| 008 | 040112m19251895sp |||| |aspa d | ||
| 080 | _a929 Francos Rodríguez, José | ||
| 080 | _a94(460)"1885/1902"(093.3) | ||
| 080 | _a94(460.27)"18"(093.3) | ||
| 100 | 1 |
_aFrancos Rodríguez, José, _d1862-1931 _952286 |
|
| 245 | 1 | 0 |
_aCuando el Rey era niño_ _b: de las memorias de un gacetillero, 1890-1892 / _cJosé Francos Rodríguez. |
| 260 |
_aMadrid : _b[s. n.], _c1925 ( _fImp. de J. Morales) |
||
| 300 |
_a250 p. ; _c19 cm. |
||
| 500 | _aÍndice. | ||
| 530 | _aDisponible en formato digital. | ||
| 600 | 1 | 4 |
_aFrancos Rodríguez, José, _d1862-1931 _952286 |
| 651 | 4 |
_aEspaña- _xHistoria- _y1885-1902, Regencia de María Cristina de Habsburgo- _vRelatos personales. _9155261 |
|
| 651 | 4 |
_aMadrid- _xHistoria- _yS.XIX- _vRelatos personales. _9155260 |
|
| 852 |
_aES-MaACL _jF-1055 _cDEPO2 _zRevisado enlace: 21 de julio de 2025 |
||
| 856 | 4 |
_uhttp://bdh-rd.bne.es/viewer.vm?id=0000074579&page=1 _yBiblioteca Digital Hispánica |
|
| 942 | _2udc | ||
| 999 |
_c65391 _d65391 |
||